000 00518nam a22001817a 4500
001 2937
003 BD-DhBUF
005 20251230131259.0
008 251230b bg ||||| |||| 00| 0 ben d
020 _a08933842419
040 _aBD-DhBUF
_cBD-DhBUF
100 _aSchein, Edgar H.
_94272
245 _aCareer survival :
_bStrategic job and role planning /
_c Edgar H. Schein
260 _aOxford :
_bPfeiffer &Company,
_cC 1995
300 _axiv, 113p. :
_c22p . ;
650 _aCareer devlopment ,
_9323
942 _2ddc
_cBK
999 _c2937
_d2937